Online
Catalog

Los tripulantes de la noche : (Record no. 9141)

MARC details
000 -CABECERA
campo de control de longitud fija 00696cam a2200205 a 4500
001 - NÚMERO DE CONTROL
campo de control 000009381
005 - FECHA Y HORA DE LA ÚLTIMA TRANSACCIÓN
campo de control 20200929161556.0
008 - DATOS DE LONGITUD FIJA--INFORMACIÓN GENERAL
campo de control de longitud fija 850521s1984 cl 000 f spa
040 ## - FUENTE DE LA CATALOGACIÓN
Centro catalogador/agencia de origen DO-SdBNP
Centro/agencia transcriptor DLC
Centro/agencia modificador DLC
082 ## - NÚMERO DE LA CLASIFICACIÓN DECIMAL DEWEY
Número de clasificación Ch863.42
Número de documento/Ítem R457t
100 1# - ENTRADA PRINCIPAL--NOMBRE DE PERSONA
Nombre de persona Reyes, Salvador,
Fechas asociadas al nombre 1899-1970.
9 (RLIN) 24162
245 14 - MENCIÓN DE TÍTULO
Título Los tripulantes de la noche :
Resto del título texto completo /
Mención de responsabilidad, etc. Salvador Reyes.
260 ## - PUBLICACIÓN, DISTRIBUCIÓN, ETC.
Lugar de publicación, distribución, etc. Santiago, (Chile) :
Nombre del editor, distribuidor, etc. Andrés Bello,
Fecha de publicación, distribución, etc. [1984].
300 ## - DESCRIPCIÓN FÍSICA
Extensión 178 p. ;
Dimensiones 19 cm.
490 1# - MENCIÓN DE SERIE
Mención de serie Club de lectores Andrés Bello
Designación de volumen o secuencia 64
650 #4 - PUNTO DE ACCESO ADICIONAL DE MATERIA--TÉRMINO DE MATERIA
Término de materia o nombre geográfico como elemento de entrada Novela chilena
9 (RLIN) 3163
650 #4 - PUNTO DE ACCESO ADICIONAL DE MATERIA--TÉRMINO DE MATERIA
Término de materia o nombre geográfico como elemento de entrada Literatura chilena
Subdivisión cronológica SIGLO XX
9 (RLIN) 14677
830 #0 - PUNTO DE ACCESO ADICIONAL DE SERIE-TÍTULO UNIFORME
Título uniforme Club de lectores Andrés Bello ;
Designación de volumen o secuencia 64
9 (RLIN) 24163
910 ## - DATOS DE OPCIÓN DEL USUARIO (OCLC)
Datos de opción del usuario Catalogación por copia / LC
Holdings
Estado de retiro Estado de pérdida Restricciones de uso No para préstamo Código de colección Localización permanente Ubicación/localización actual Ubicación en estantería Fecha de adquisición Número de inventario Total de préstamos Signatura topográfica completa Código de barras Fecha visto por última vez Precio válido a partir de Tipo de ítem Koha
    Préstamo interno   Monografías: Libros y Folletos General General En catalogación 29.09.2009 LF1   Ch863.42 R457t 9381-10 25.06.2020 25.06.2020 Préstamo interno

Powered by Koha